000 00335nam a2200145Ia 4500
008 150301s2015 xx 000 0 und d
082 _a615.1
_bP14S
100 _aSIDDIQUI, ANUS .A
245 _aPHARMACEUTICAL ANALYSIS -|
250 _a3RD
260 _bCBS- DELHI
300 _a284
650 _aPHARMACEUTICS
942 _2ddc
_cBK
_02
999 _c7162
_d7162